Classiques du cinéma des années 50 - Statistiques

Statistiques générales
  • Ce quiz a été pris 306 fois
    293 depuis la dernière actualisation
  • Le résultat moyen est 6 sur 15
Statistiques - réponses
Hint Réponse % Correct
Pour échapper à la mafia, deux musiciens se réfugient dans un orchestre féminin Certains l'aiment chaud
77%
Un vote manque pour obtenir l'unanimité du jury dans un procès pour meurtre 12 hommes en colère
74%
Un pasteur meurtrier poursuit deux enfants dans l'Amérique rurale La nuit du chasseur
59%
Un jeune scénariste est embauché par une ancienne star du muet Boulevard du crépuscule
54%
Le passage du muet au parlant met en péril la carrière de Lina Lamont Chantons sous la pluie
50%
L'épouse et la maîtresse d'un directeur d'école s'associent pour l'assassiner Les diaboliques
48%
Un homme cherche à recréer la femme qui s'est suicidée sous ses yeux Sueurs froides
41%
Un homme planifie l'assassinat de sa femme. Rien ne se passe comme prévu Le crime était presque parfait
40%
Un ancien soldat part à la recherche de ses nièces enlevées par les Comanches La prisonnière du désert
33%
Trois hommes sont jugés pour lâcheté après avoir refusé un ordre suicidaire Les sentiers de la gloire
29%
Une jeune actrice prête à tout se fait une place dans le monde du théâtre Eve
27%
Une missionnaire coincée et un baroudeur grossier sont dans un bâteau L'Odyssée de l'African Queen
23%
Une danseuse espagnole devient star hollywoodienne La comtesse aux pieds nus
13%
Une poète suit sa mort à travers un miroir Orphée
13%
Une aristocrate dépensière revend ses boucles d'oreilles Madame de ...
12%
Aucun quiz correspondant
Distribution des résultats
% des personnes avec chaque résultat
Percentile par nombre de réponses
Votre historique - résultats
Vous n’avez pas pris ce quiz depuis la dernière actualisation